Premio a la calidad y servicio al cliente 2001 : (Record no. 30495)
[ view plain ]
| 000 -CABECERA | |
|---|---|
| campo de control de longitud fija | 00443nam a2200133 a 4500 |
| 001 - NÚMERO DE CONTROL | |
| campo de control | 000031003 |
| 005 - FECHA Y HORA DE LA ÚLTIMA TRANSACCIÓN | |
| campo de control | 20200930062637.0 |
| 008 - DATOS DE LONGITUD FIJA--INFORMACIÓN GENERAL | |
| campo de control de longitud fija | 110609s2001 dr 000 0 spa d |
| 040 ## - FUENTE DE LA CATALOGACIÓN | |
| Centro catalogador/agencia de origen | DO-SdBNP |
| Lengua de catalogación | spa |
| Centro/agencia transcriptor | BNPHU |
| 049 ## - FONDOS LOCALES (OCLC) | |
| Fondos de biblioteca | BNPD |
| 245 00 - MENCIÓN DE TÍTULO | |
| Título | Premio a la calidad y servicio al cliente 2001 : |
| Resto del título | a los que logran la excelencia con el servicio memorable. |
| 260 ## - PUBLICACIÓN, DISTRIBUCIÓN, ETC. | |
| Lugar de publicación, distribución, etc. | Santo Domingo : |
| Nombre del editor, distribuidor, etc. | [Codetel]., |
| Fecha de publicación, distribución, etc. | [2001]. |
| 300 ## - DESCRIPCIÓN FÍSICA | |
| Extensión | 106 p. : |
| Otras características físicas | il., retrs. ; |
| Dimensiones | 18 cm. |
| Estado de retiro | Estado de pérdida | No para préstamo | Código de colección | Localización permanente | Ubicación/localización actual | Ubicación en estantería | Fecha de adquisición | Número de inventario | Total de préstamos | Signatura topográfica completa | Código de barras | Fecha visto por última vez | Precio válido a partir de | Tipo de ítem Koha |
|---|---|---|---|---|---|---|---|---|---|---|---|---|---|---|
| Excluido de préstamo | Patrimonio Dominicano | Patrimonio Dominicano | Patrimonio Dominicano | En catalogación | 09.06.2011 | LF1 | 31003-10 | 25.06.2020 | 25.06.2020 | Libro y Folleto Colección Patrimonio Dominicano |
